The essence of the economy / (رقم التسجيلة. 708)

تفاصيل مارك
000 -الفاتح
حقل البيانات ثابتة الطول 01116pam a2200337 a 4500
001 - رقم الضبط
رقم الضبط 2577467
003 - محدد رقم الضبط
رقم الضبط OSt
005 - وقت وتاريخ اخر تعامل مع التسجيلة
رقم الضبط 20150408113722.0
008 - عناصر البيانات ثابتة الطول - معلومات عامة
حقل البيانات ثابتة الطول 960130s1996 enka b 001 0 eng
010 ## - رقم ضبط مكتبة الكونجرس
رقم ضبط مكتبة الكونجرس 96001081
020 ## - الرقم الدولى المعيارى للكتب
الرقم الدولى المعيارى للكتاب 0133565025
040 ## - مصدر الفهرسة
وكالة الفهرسة الأصلية DLC
وكالة النسخ DLC
وكالة التعديل DLC
043 ## - رمز المنطقة الجغرافية
رمز المنطقة الجغرافية n-us---
050 00 - رقم طلب مكتبة الكونجرس
رقم التصنيف HC59.15
رقم المادة .N45 1996
082 00 - رقم تصنيف ديوى العشرى
رقم التصنيف 330
رقم الطبعة 20
100 1# - المدخل الرئيسى - إسم شخصى
الإسم الشخصى Nellis, J. G.
9 (RLIN) 5910
245 14 - بيان العنوان
العنوان The essence of the economy /
بيان المسئوليه,etc Joseph G. Nellis and David Parker.
250 ## - بيان الطبعة
بيان الطبعة 2nd ed.
260 ## - PUBLICATION, DISTRIBUTION, ETC. (IMPRINT)
مكان الناشر او الموزع London ;
-- New York :
اسم الناشر او الموزع Prentice Hall,
تاريخ النشر أو التوزيع 1996.
300 ## - الوصف المادى
التعداد xiv, 214 p. :
تفاصيل ماديه اخرى للوعاء ill. ;
أبعاد الوعاء 24 cm.
490 1# - بيان السلسلة
عنوان السلسلة Prentice Hall essence of management series
504 ## - تبصرة ببليوجرافية
تبصرة ببليوجرافية,الخ Includes bibliographical references (p. 208-209) and index.
650 #0 - المدخل الاضافى بالموضوع-مصطلح موضوعى
مصطلح موضوعي أو اسم جغرافي كعنصر مدخل Economic history
التقسيم الفرعي الزمني 1990-
9 (RLIN) 5911
650 #0 - المدخل الاضافى بالموضوع-مصطلح موضوعى
مصطلح موضوعي أو اسم جغرافي كعنصر مدخل Economic history
التقسيم الفرعي الزمني 1945-
9 (RLIN) 5912
650 #0 - المدخل الاضافى بالموضوع-مصطلح موضوعى
مصطلح موضوعي أو اسم جغرافي كعنصر مدخل International economic relations.
9 (RLIN) 5913
650 #0 - المدخل الاضافى بالموضوع-مصطلح موضوعى
مصطلح موضوعي أو اسم جغرافي كعنصر مدخل Economics.
700 1# - المدخل الاضافى - اسم شخصى
الإسم الشخصى Parker, David,
التواريخ المصاحبة للاسم 1949 Sept. 28-
9 (RLIN) 5914
830 #0 - المدخل الاضافى بالسلسلة -عنوان موحد
عنوان موحد Essence of management series.
9 (RLIN) 5915
942 ## - عناصر المدخل الإضافي( كوها)
مصدر التصنيف او مخطط الترفيف Dewey Decimal Classification
Koha [default] item type كتاب
المقتنيات
حالة الفقد نموذج السعر الفعال حالة تلف ليس للاعارة رقم الطلب تاريخ الاكتساب الموقع الحالي الباركود الفرع الرئيسي Date last seen نوع المادة فى نظام كوها مصدر التصنيف او خطة الترفيف Total Checkouts
  2013-03-10     330 N J E 2011-11-01 المكتبة المركزية بالمجمعة (CL) 00049322 المكتبة المركزية بالمجمعة (CL) 2013-03-10 كتاب Dewey Decimal Classification